FLAWLESS CONSULTING FIELDBOOK AND COMPAN (Record no. 17658)

MARC details
000 -LEADER
fixed length control field 00357nam a2200133Ia 4500
008 - FIXED-LENGTH DATA ELEMENTS--GENERAL INFORMATION
fixed length control field 240624s9999 xx 000 0 und d
041 ## - LANGUAGE CODE
Language code of text/sound track or separate title eng
082 ## - DEWEY DECIMAL CLASSIFICATION NUMBER
Classification number 658.46 BLO
100 ## - MAIN ENTRY--PERSONAL NAME
Personal name BLOCK PETER
245 ## - TITLE STATEMENT
Title FLAWLESS CONSULTING FIELDBOOK AND COMPAN
250 ## - EDITION STATEMENT
Edition statement (3rd ed.)
260 ## - PUBLICATION, DISTRIBUTION, ETC.
Date of publication, distribution, etc. 2001
Place of publication, distribution, etc. San Francisco
Name of publisher, distributor, etc. Pfeiffer
300 ## - PHYSICAL DESCRIPTION
Extent xxvii, : 440 : p. : cm. ; 23
Holdings
Withdrawn status Lost status Damaged status Not for loan Home library Current library Shelving location Date acquired Full call number Barcode Date last seen Price effective from Koha item type
        IMTN IMTN Rack 33-A 09/12/2011 658.46 BLO 17658 06/24/2024 06/24/2024 Books
Designed & Maintained by: LRC IMT Nagpur Contact: lrc@imtnag.ac.in© 2024. All Rights Reserved.